LEADER 00925nas a2200253 i 4500 001 000000159685 003 CaOOAMICUS 005 20080131000000.0 008 070301b2007 xxuuu u0 0mul r 013 $a137048 040 $aSeMil$bita 245 10$a[2007]. 260 $aNew York :$bCambridge University Press,$c2007. 300 $a443 p. :$bill. ;$c23 cm. 773 0 $tHarvard Theological Review.$dCambridge, Massachusetts : Harvard University Press $x0017-8160$w()2344 774 0 $tJanuary.$w()265998 774 0 $tGod of Nicaea.$w()266960 774 0 $tJuly.$w()267255 774 0 $tOctober.$w()267931 850 $aSeMil 852 $aSeMil$W1$xVenegono$y1$m113 6 21$j111242$B111242$CSeMilBibl$Z2$F131034 $85 961 $aAbbonamento: Cambridge University Press 996 $6245$a[2007]$9(OLS)http://semarc/title/91152 996 $6260$aNew York :$bCambridge University Press$9(OLS)http://semarc/publisher/31883 LEADER 01192nam a2200205 i 4500 001 000000192380 003 CaOOAMICUS 005 20100917000000.0 008 100917s1924 it u000 u ita u 013 $a170959 040 $aSeMil$bita 100 1 $aMaccono, Ferdinando.$0(OLS)http://semarc/name/6297 245 10$aCorona di grazie :$bAttribuite all'intercessione della serva di Dio Suor Maria Mazzarello. Prima superiora generale dell'Istituto delle Figlie di Maria Ausiliatrice fondate dal Ven. Giovanni Bosco /$cSac. Ferdinando Maccono Salesiano. 260 $aTorino :$bStabilimento grafico Moderno,$c1924. 300 $a200 p., [1] p. di ritratto ;$c18 cm. 650 4$aMaria Domenica : Mazzarello .$0(OLS)http://semarc/subject/3745 850 $aSeMil 852 $aSeMil$W1$xVenegono$y1$m3J II 81$j142955$B142955$CSeMilBibl$Z2$F154331 $81 996 $6245$aCorona di grazie :$bAttribuite all'intercessione della serva di Dio Suor Maria Mazzarello. Prima superiora generale dell'Istituto delle Figlie di Maria Ausiliatrice fondate dal Ven. Giovanni Bosco$9(OLS)http://semarc/title/277269 996 $6260$aTorino :$bStabilimento grafico Moderno$9(OLS)http://semarc/publisher/50389